000 00632nam a2200193 i 4500
001 134643
003 ES-MaACL
005 20230906194721.0
007 t|
008 070912s1932 fr ||||1| fre d
100 1 _aWegerer, Alfred von.
_9116309
245 1 0 _aRéfutation de la Thèse de Versailles sur les responsabilités de la guerre /
_cDe Wegerer ; préface de G. Demartial.
260 _aParis :
_bRivière,
_c1932.
300 _aXVI, 334 p. ;
_c22 cm.
630 0 4 _aTratado de Versalles (
_d1919)
_9155228
650 0 4 _aGuerra mundial, 1914-1918.
_913212
700 1 _aDermartial, G.
_943776
852 _aES-MaACL
_jA-894
999 _c134643
_d134643